000 00444pab a2200181 454500
008 180718b2011 xxu||||| |||| 00| 0 eng d
100 _aBoudreau, John W.
245 _aThe future of HR and effective organizations
260 _c2011
300 _ap.255-266.
362 _aOct-Dec
650 _aOrganizations
650 _aHuman resources
700 _aZiskin, Ian
773 _aOrganizational Dynamics
908 _aN
909 _a94249
999 _c94249
_d94249